000 006450000a22001810004500
003 MACL
005 20190628164112.0
008 160607b xxu||||| |||| 00| 0 eng d
040 _aMACL
_cMACL
041 _aHindi
082 _a920
100 _aसारदानन्‍द, स्‍वामी
_937903
245 _aश्री‍रामकृष्‍णलीलाप्रसंग
_bप्रथम खण्‍ड
_cस्‍वामी सारदानन्‍द
260 _bरामकृष्‍ण मठ
_c2006
_aनागपुर
350 _a100
650 _aBiography
_962609
942 _cHIN
_k920/SAR
_2ddc
999 _c11262
_d11262